[Event "CHI-ch U14"]
[Site "Santiago de Chile"]
[Date "2018.10.17"]
[Round "2.2"]
[White "Ballesteros Cardenas, Leonardo"]
[Black "Lagos Villalobos, Alexander"]
[Result "1-0"]
[WhiteElo "1811"]
[BlackElo "1337"]
[PlyCount "65"]
[EventDate "2018.10.16"]
[EventType "swiss"]
[EventRounds "7"]
[EventCountry "CHI"]
[SourceTitle "EXT 2024"]
[Source "ChessBase"]
[SourceDate "2023.10.10"]
[SourceVersion "1"]
[SourceVersionDate "2023.10.10"]
[SourceQuality "1"]

1. e4 c5 2. Nf3 d6 3. d4 cxd4 4. Nxd4 Nf6 5. Nc3 a6 6. Bg5 e6 7. f4 Nbd7 8. Qf3 Qc7 9. g4 h6 10. Bxf6 Nxf6 11. f5 Be7 12. 0-0-0 e5 13. Nb3 b5 14. a3 Bb7 15. h4 Nd7 16. Rh2 Nb6 17. Na5 Rc8 18. Nxb7 Qxb7 19. Nd5 Nxd5 20. Rxd5 Qc6 21. Qb3 0-0 22. Kb1 Rc7 23. g5 hxg5 24. hxg5 Bxg5 25. f6 Qd7 26. fxg7 Kxg7 27. Qf3 Qe6 28. Rh5 f6 29. Bh3 Qf7 30. Bf5 Rh8 31. Rxh8 Kxh8 32. Qh3+ Kg8 33. Be6 1-0